MARC details
| 000 -LEADER |
| fixed length control field |
02868cab a22005175a 4500 |
| 001 - CONTROL NUMBER |
| control field |
L145416 |
| 008 - FIXED-LENGTH DATA ELEMENTS--GENERAL INFORMATION |
| fixed length control field |
081006s2008 xxk f v 000 0 eng u |
| 035 ## - SYSTEM CONTROL NUMBER |
| System control number |
(Sirsi) u145416 |
| 041 0# - LANGUAGE CODE |
| Language code of text/sound track or separate title |
eng |
| 100 1# - MAIN ENTRY--PERSONAL NAME |
| Personal name |
Sheridan, Peter |
| 245 00 - TITLE STATEMENT |
| Title |
Construction Act review |
| 260 ## - PUBLICATION, DISTRIBUTION, ETC. |
| Date of publication, distribution, etc. |
2008 |
| 490 #0 - SERIES STATEMENT |
| Series statement |
Construction Law Journal |
| Volume/sequential designation |
24 (6) 2008, 506-517 (12) |
| 520 ## - SUMMARY, ETC. |
| Summary, etc. |
Examines aspects of insolvency relating to the Housing Grants, Construction and Regeneration Act 1996. Highlights developments in this area with reference to the following cases (see Keywords). Develops the following topics: the use of statutory demand/winding-up petition as an alternative to adjudication, where there is a debt pursuant to the payment provisions of a construction contract; the use of statutory demand/winding-up petition as a means of enforcing an adjudicator's decision; stay of execution, where summary judgment is given in respect of an adjudicator's decision; particular consideration in relation to liquidation, receivership and administration. |
| 590 ## - LOCAL NOTE (RLIN) |
| Local note |
KA |
| 650 24 - SUBJECT ADDED ENTRY--TOPICAL TERM |
| Topical term or geographic name entry element |
HOUSING GRANTS, CONSTRUCTION AND REGENERATION ACT 1996 |
| 650 24 - SUBJECT ADDED ENTRY--TOPICAL TERM |
| Topical term or geographic name entry element |
MELVILLE DUNDAS LTD V GEORGE WIMPEY UK LTD AND ANOTHER |
| 650 24 - SUBJECT ADDED ENTRY--TOPICAL TERM |
| Topical term or geographic name entry element |
PARKE V FENTON GREEN PARTNERSHIP |
| 650 24 - SUBJECT ADDED ENTRY--TOPICAL TERM |
| Topical term or geographic name entry element |
GUARDI SHOES LTD V DATUM CONTRACTS |
| 650 24 - SUBJECT ADDED ENTRY--TOPICAL TERM |
| Topical term or geographic name entry element |
HARLOW AND MILNER V TEASDALE |
| 650 24 - SUBJECT ADDED ENTRY--TOPICAL TERM |
| Topical term or geographic name entry element |
WILLIAM OAKLEY V AIRCLEAR ENVIRONMENTAL LTD |
| 650 24 - SUBJECT ADDED ENTRY--TOPICAL TERM |
| Topical term or geographic name entry element |
BOUYGUES UK LTD V DAHL-JENSEN UK LTD |
| 650 24 - SUBJECT ADDED ENTRY--TOPICAL TERM |
| Topical term or geographic name entry element |
WIMBLEDON CONSTRUCTION COMPANY 2000 LTD V DEREK VARGO |
| 650 24 - SUBJECT ADDED ENTRY--TOPICAL TERM |
| Topical term or geographic name entry element |
AWG CONSTRUCTION LTD V ROCKINGHAM MOTOR SPEEDWAY LTD |
| 650 24 - SUBJECT ADDED ENTRY--TOPICAL TERM |
| Topical term or geographic name entry element |
HERSCHEL ENGINEERING LTD V BREEN PROPERTY LTD |
| 650 24 - SUBJECT ADDED ENTRY--TOPICAL TERM |
| Topical term or geographic name entry element |
RAINFORD HOUSE LTD V CADOGAN LTD |
| 650 24 - SUBJECT ADDED ENTRY--TOPICAL TERM |
| Topical term or geographic name entry element |
ABSOLUTE RENTALS LTD V GENCOR ENTERPRISES LTD |
| 650 24 - SUBJECT ADDED ENTRY--TOPICAL TERM |
| Topical term or geographic name entry element |
MCCONNELL DOWELL CONSTRUCTORS (AUST) PTY LTD V NATIONAL GRID GAS PLC |
| 650 24 - SUBJECT ADDED ENTRY--TOPICAL TERM |
| Topical term or geographic name entry element |
TREASURE AND SON LTD V MARTIN DAWES |
| 650 24 - SUBJECT ADDED ENTRY--TOPICAL TERM |
| Topical term or geographic name entry element |
ALE HEAVYLIFT V MSD (DARLINGTON) LTD |
| 650 24 - SUBJECT ADDED ENTRY--TOPICAL TERM |
| Topical term or geographic name entry element |
WILLIAM VERRY LTD V CAMDEN LBC |
| 650 24 - SUBJECT ADDED ENTRY--TOPICAL TERM |
| Topical term or geographic name entry element |
MULTIPLEX CONSTRUCTIONS (UK) LTD V MOTT MACDONALD LTD |
| 650 24 - SUBJECT ADDED ENTRY--TOPICAL TERM |
| Topical term or geographic name entry element |
ART CONSULTANCY LTD V NAVERA TRADING LTD |
| 650 24 - SUBJECT ADDED ENTRY--TOPICAL TERM |
| Topical term or geographic name entry element |
HART INVESTMENTS LTD V FIDLER AND ANOTHER |
| 650 24 - SUBJECT ADDED ENTRY--TOPICAL TERM |
| Topical term or geographic name entry element |
FASTRACK CONTRACTORS LTD V MORRISON CONSTRUCTION LTD |
| 650 24 - SUBJECT ADDED ENTRY--TOPICAL TERM |
| Topical term or geographic name entry element |
FAITHFUL AND GOULD LTD V ARCAL LTD |
| 650 24 - SUBJECT ADDED ENTRY--TOPICAL TERM |
| Topical term or geographic name entry element |
BALDWINS INDUSTRIAL SERVICES PLC V BARR LTD |
| 650 24 - SUBJECT ADDED ENTRY--TOPICAL TERM |
| Topical term or geographic name entry element |
BRISTOL AIRPORT PLC V POWDRILL |
| 650 24 - SUBJECT ADDED ENTRY--TOPICAL TERM |
| Topical term or geographic name entry element |
A STRAUME (UK) LTD V BRADLOR DEVELOPMENTS LTD |
| 650 24 - SUBJECT ADDED ENTRY--TOPICAL TERM |
| Topical term or geographic name entry element |
CANARY RIVERSIDE DEVELOPMENT V TIMTEC INTERNATIONAL |
| 651 #4 - SUBJECT ADDED ENTRY--GEOGRAPHIC NAME |
| Geographic name |
England and Wales |
| Chronological subdivision |
1543- |
| 690 ## - LOCAL SUBJECT ADDED ENTRY--TOPICAL TERM (OCLC, RLIN) |
| Topical term or geographic name as entry element |
MANAGEMENT-DISPUTE AVOIDANCE, MANAGEMENT AND RESOLUTION-DISPUTE MANAGEMENT AND RESOLUTION-ALTERNATIVE DISPUTE RESOLUTION-ADJUDICATION |
| 690 ## - LOCAL SUBJECT ADDED ENTRY--TOPICAL TERM (OCLC, RLIN) |
| Topical term or geographic name as entry element |
BUILT ENVIRONMENT-CONSTRUCTION MANAGEMENT-BUILDING CONTRACT ADMINISTRATION |
| 700 1# - ADDED ENTRY--PERSONAL NAME |
| Personal name |
Helps, Dominic |
| 942 ## - ADDED ENTRY ELEMENTS (KOHA) |
| Suppress in OPAC |
0 |